| 000 | 00734nam a2200229 i 4500 | ||
|---|---|---|---|
| 001 | 14122 | ||
| 003 | ES-MaACL | ||
| 005 | 20250831021836.0 | ||
| 007 | t| | ||
| 008 | 981006s1964 fr ao |||| | fre d | ||
| 080 | _a917.3-15 | ||
| 100 | 1 |
_aBerrier, Jean-Claude. _9159911 |
|
| 245 | 1 | 2 |
_aL'Ouest américain / _ctexte et photographies par J.C. Berrier ; assistant photographe Philippe Tremblay. |
| 260 |
_aParis : _bFernand Nathan, _c1964. |
||
| 300 |
_a159 p. : _bil. ; _c22 cm. |
||
| 490 | 1 | _aPays et cités d'art | |
| 651 | 7 |
_aOeste (Estados Unidos)- _xDescripción _2 _9159912 |
|
| 700 | 1 |
_aTremblay, Philippe. _9111302 |
|
| 830 | 0 |
_aPays et cités d'art _9228489 |
|
| 852 |
_aES-MaACL _jL-21380 |
||
| 999 |
_c14122 _d14122 |
||